000 00864nam a2200265 4500
003 EG-GICUC
005 20260323141538.0
008 260323s1931 fr ||||fr|||| 00| 0 fre d
040 _aEG-GiCUC
_cEG-GiCUC
_dEG-GiCUC
_eRda
082 0 4 _221
_a341.44
_bTR . E
092 0 4 _221
099 _aLaw1 341.44 TR . E 1931
100 1 _aTrévily, Josheph
_eAuteur
245 1 0 _aEssai sur l'histioe et la situation du sous-marin en droit international /
_cJosheph Trévily.
264 1 _aParis :
_bRecueil Sirey,
_c1931.
300 _a251 page ;
_c 24 cm.
336 _2rda contenu
_a texte
337 _2rda medias
_aOrdinateur
338 _2 transporteur rda
_a Ressource en ligne
546 _aTexte en français
650 1 4 _aPublic international law
856 4 0 _uhttps://fll.law.cu.edu.eg/fulltext/bks/B11-09244.pdf
905 _a30
942 _2ddc
_cBK
_e21
_n0
999 _c66529
_d66529